Tropical legumes: resources for the future
Gespeichert in:
| Format: | Buch |
|---|---|
| Sprache: | Undetermined |
| Veröffentlicht: |
Washington
National Academy of Sciences
1979
|
| Schlagworte: | |
| Tags: |
Tag hinzufügen
Keine Tags, Fügen Sie den ersten Tag hinzu!
|
| Thư viện lưu trữ: | Trung tâm Học liệu Trường Đại học Cần Thơ |
|---|
| LEADER | 00446nam a2200157Ia 4500 | ||
|---|---|---|---|
| 001 | CTU_38695 | ||
| 008 | 210402s9999 xx 000 0 und d | ||
| 082 | |a 633.304 | ||
| 082 | |b B277 | ||
| 245 | 0 | |a Tropical legumes: resources for the future | |
| 260 | |a Washington | ||
| 260 | |b National Academy of Sciences | ||
| 260 | |c 1979 | ||
| 650 | |a legumes - tropics | ||
| 904 | |i Liên, 990819 | ||
| 980 | |a Trung tâm Học liệu Trường Đại học Cần Thơ | ||